000 00897nam a2200217 a 4500
001 53205
005 20180714043349.0
008 140415s2008 mx 000 0 spa d
020 _a9789706653291
041 _aspa
082 _a658.4012
_bPAN
100 1 _aPANIAGUA BRAVO, VICTOR M.
245 1 3 _aLA ADMINISTRACION POR OBJETIVOS Y LA INVESTIGACION DE OPERACIONES
250 _a1a ed.
260 _aMEXICO :
_bINSTITUTO MEXICANO DE CONTADORES PUBLICOS,
_c2008
300 _a125
_c16 x 0.6 x 22
490 _aCOLECCION FISCAL
520 _aESTA OBRA ESTA DIRIGIDA AL HOMBRE DE NEGOCIOS QUE DESEA ADMINISTRAR SU EMPRESA DE MANERA ORTODOXA E INTELIGENTE, UTILIZANDO LA ADMINISTRACION POR OBJETIVOS Y LA INVESTIGACION DE OPERACIONES
650 1 4 _aADMINISTRACION DE EMPRESAS
_xADMINISTRACION POR OBJETIVOS
700 1 _aPANIAGUA PINTO, MIRIAM -PANIAGUA PINTO, ANGELES
_ecoaut.
999 _c53205
_d53205